Commentaires de la finale de Ligue des Champions 2025 - Statistiques

Statistiques générales
  • Ce quiz a été pris 63 fois
  • Le résultat moyen est 158 sur 288
Statistiques - réponses
Actions Commentaires % Correct
le
94%
LE
94%
but
91%
BUT
91%
but,
91%
DÉSIRÉ DOUÉ,
91%
de
88%
Doué
88%
DOUÉ,
88%
Doué,
88%
la
88%
88%
Paris,
85%
Paris
85%
PSG
85%
a
82%
à
82%
ACHRAF HAKIMI
82%
des
82%
Hakimi
82%
pour
82%
POUR
82%
PSG
82%
c'est
79%
Coup de sifflet final... C'est
79%
champion
79%
CHAMPION
79%
ET
79%
2e but : D.Doué 20' Et
79%
et
79%
Vitinha
79%
Vitinha,
79%
fait
76%
1er but : Hakimi 20' Kvaratskhelia
76%
Kvaratskhelia,
76%
d'Europe
74%
D'EUROPE,
74%
d'Europe,
74%
Mayulu
74%
MAYULU,
74%
Mayulu,
74%
pas
74%
Dembélé
71%
3e but : D.Doué 63' Dembélé,
71%
d'Ousmane Dembélé
71%
être
68%
ÊTRE
68%
Paris Saint-Germain
68%
Paris Saint-Germain,
68%
un
68%
deux
65%
est
65%
il
65%
Il
65%
les
65%
va
62%
en
59%
qui
59%
Barcola
56%
Bradley Barcola,
56%
Champions,
56%
Champions
56%
droit
56%
du
56%
l'éternité,
56%
un
56%
zéro
56%
au
53%
fini,
53%
frappe
53%
jamais,
53%
Ballon
50%
ballon
50%
Ligue
50%
remporte
50%
4-0
47%
Fabian Ruiz
47%
pied
47%
toujours,
47%
1-0
44%
3-0
44%
gauche
44%
Inter
44%
l'Inter Milan,
44%
oui
44%
remporter
44%
une
44%
2-0
41%
5-0
41%
5-0,
41%
5e
41%
cette
41%
fois
41%
aujourd'hui,
38%
côté
38%
côté,
38%
jeu
38%
sur
38%
terminé,
38%
dans
35%
destin
35%
Di Marco
35%
français
35%
l'espace
35%
Mendes
35%
contre
32%
face
32%
finale,
32%
OH
32%
oh
32%
ouvre
32%
accroché
29%
droite,
29%
hors-jeu,
29%
jeune
29%
Louvre,
29%
paradis,
29%
parisien
29%
parisien,
29%
peut
29%
avec
26%
européen
26%
joué
26%
l'appel
26%
manita
26%
portes
26%
buts
24%
l'entrée
24%
mène
24%
surface
24%
voit
24%
minute
21%
minute,
21%
réparation,
21%
rêve,
21%
servi
21%
déjà
18%
donner
18%
illumine
18%
l'autre
18%
lui
18%
munichoise
18%
5e but : Mayulu 86' Zaïre-Emery
18%
5e
15%
73e
15%
d'avance
15%
encore
15%
mais
15%
nuit
15%
terassé
15%
trouvé
15%
63e
12%
attend
12%
bien
12%
chef-d'œuvre
12%
entré,
12%
Khvicha
12%
l'erreur
12%
l'Europe
12%
parachève
12%
rattrapé
12%
relais
12%
12e
9%
parisiens
9%
soutien
9%
d'avoir
6%
domination
6%
l'accélération
6%
l'ancien
6%
L'Espagnol
6%
4e but : Kvaratskhelia 73' Mauvaise
6%
outrageuse
6%
partage,
6%
parti
6%
puissante
6%
relance
6%
rennais
6%
sans
6%
totale,
6%
Aucun quiz correspondant
Distribution des résultats
% des personnes avec chaque résultat
Percentile par nombre de réponses
Votre historique - résultats
Vous n’avez pas pris ce quiz